| 000 | 02115cam a22004454i 4500 | ||
|---|---|---|---|
| 003 | PE-LiUPU | ||
| 005 | 20250731165432.0 | ||
| 008 | 160225s1999 pe grm 000 0 spa d | ||
| 035 | _a(Sirsi) a156300 | ||
| 040 |
_aPE-LiUPU _bspa _cPE-LiUPU _erda |
||
| 099 |
_aTE 2 _bS18 1999 |
||
| 100 | 1 |
_aSalgado Gamarra, Eddy Rosa _eautor |
|
| 245 | 1 |
_aVestido de luto: Un conjunto de valores pedagógicos / _cEddy Rosa Salgado Gamarra. |
|
| 264 | 0 | _c1999. | |
| 300 |
_a130 hojas _c30 cm |
||
| 336 |
_atext _2rdacontent |
||
| 337 |
_aunmediated _2rdamedia |
||
| 338 |
_avolume _2rdacarrier |
||
| 502 |
_aTesis _b(Lic.) -- _cUniversidad Peruana Unión, _d1999. |
||
| 504 | _aIncluye referencias | ||
| 520 | 3 | _aActualmente se habla mucho de tecnología, convertida en el tema que despierta interés en la mayoría de personas si no en la actualidad. La tecnología no es más que instrumento utilizado para crear vida o para cavar con ella. Si meditamos seriamente, observamos que la tecnología puede convertir al ser humano en un hombre mecánico, frio, insensible, materialista y menos reflexivo. La ciencia avanza a pasos agigantados y el ser humano debe prepararse y capacitarse para poder beneficiarse de ella. Sin embargo, jamás podemos dejar de lado la ética y la moral, inherentes solamente a los hombres. Es necesario el equilibrio entre los conocimientos, científicos, técnicos y literarios. El filosofo ingles Alfred North Whitehead, plantea en su ensayo titulado "Los fines de la educación": que se debe impartir en las escuelas los tres conocimientos antes mencionados. | |
| 526 | _aSEG44 | ||
| 526 | _aSEG26 | ||
| 526 | _aP151 | ||
| 526 | _aP150 | ||
| 526 | _aP149 | ||
| 526 | _aP146 | ||
| 526 | _aP145 | ||
| 526 | _aP126 | ||
| 526 | _aP125 | ||
| 526 | _aP92 | ||
| 526 | _aP75 | ||
| 526 | _aP74 | ||
| 526 | _aP27 | ||
| 526 | _aP15 | ||
| 650 | 0 | 4 |
_aLuto _xPedagogía. |
| 596 | _a1 | ||
| 942 |
_2ddc _cTESIS |
||
| 999 |
_aTE 2 S18 1999 _wALPHANUM _c8986 _iT00195 _lCCODEBUL3 _mBUL _r1 _sY _tTESIS _u2016-2-25 _xEDUCACION _PP14 _o.STAFF. Tesis _d8986 |
||
| 980 |
_81 _gALBERTO SANCHEZ Responsable de Automatización |
||